00801nam a22002537a 4500999001500000001000600015003000900021005001700030008004100047020001500088040003800103082001900141100001500160245005800175250001200233260005600245300002400301504002000325650003100345650002000376650002200396942001200418952011700430 c8347d834710233BD-DhUAP20230727132200.0230727b2003 ny dd||| |||| 00| 0 eng d a0195669770 aBD-DhUAPbEngcBD-DhUAPdBD-DhUAP 223a651.75 ASH aAshley, A. aA handbook of commercial correspondence /cA. Ashley. aNew ed. aNew York :bOxford University Press,cc2003 [2004]. a304 pages ;c27 cm. aIncludes index. aCommercial correspondence. aLetter writing. aBusiness writing. 2ddccBK 00102ddc4070aUAPCLbUAPCLcGeneral Stacksd2023-07-27o651.75 ASHp3010010233r2023-07-27t1w2023-07-27yBK